Goddess Durga/ (Record no. 32003)

MARC details
000 -LEADER
fixed length control field 01008nam a2200337 a 4500
001 - CONTROL NUMBER
control field vtls001933007
003 - CONTROL NUMBER IDENTIFIER
control field NLI
005 - DATE AND TIME OF LATEST TRANSACTION
control field 20210601183102.0
008 - FIXED-LENGTH DATA ELEMENTS--GENERAL INFORMATION
fixed length control field 170119s2012 ii a j 000 0 eng
020 ## - INTERNATIONAL STANDARD BOOK NUMBER
International Standard Book Number 9788128838859 (pbk.)
Terms of availability Rs.30.00
039 #9 - LEVEL OF BIBLIOGRAPHIC CONTROL AND CODING DETAIL [OBSOLETE]
-- 201701191455
-- atanum
040 ## - CATALOGING SOURCE
Original cataloging agency NLI
Language of cataloging eng
Description conventions AACR2
041 0# - LANGUAGE CODE
Language code of text/sound track or separate title eng
044 ## - COUNTRY OF PUBLISHING/PRODUCING ENTITY CODE
MARC country code ii
082 04 - DEWEY DECIMAL CLASSIFICATION NUMBER
Classification number 294.52114
Edition number 22
100 1# - MAIN ENTRY--PERSONAL NAME
Personal name Jha, O. P.
9 (RLIN) 85588
245 10 - TITLE STATEMENT
Title Goddess Durga/
Statement of responsibility, etc. O. P. Jha
246 0# - VARYING FORM OF TITLE
Title proper/short title Durga
260 ## - PUBLICATION, DISTRIBUTION, ETC.
Place of publication, distribution, etc. New Delhi :
Name of publisher, distributor, etc. Diamond Pocket Books,
Date of publication, distribution, etc. 2012
300 ## - PHYSICAL DESCRIPTION
Extent 63 p. :
Other physical details ill. ;
Dimensions 18 cm.
440 #0 - SERIES STATEMENT/ADDED ENTRY--TITLE
Title Gods & Goddeses of India
9 (RLIN) 85589
650 #0 - SUBJECT ADDED ENTRY--TOPICAL TERM
Topical term or geographic name entry element Durga (Hindu deity)
9 (RLIN) 85590
887 ## - NON-MARC INFORMATION FIELD
Content of non-MARC field Atanu Mitra
901 ## - LOCAL DATA ELEMENT A, LDA (RLIN)
a DB133863 :
b 04.07.2012
902 ## - LOCAL DATA ELEMENT B, LDB (RLIN)
a J/E 294.52114 J 559
904 ## - LOCAL DATA ELEMENT D, LDD (RLIN)
a Atanu Mitra
949 ## - LOCAL PROCESSING INFORMATION (OCLC)
-- VIRTUAITEM
-- 10000
-- 100
6 DBA000133863ENG
942 ## - ADDED ENTRY ELEMENTS (KOHA)
Source of classification or shelving scheme Dewey Decimal Classification
Koha item type Books
Holdings
Withdrawn status Lost status Damaged status Not for loan Collection code Home library Current library Shelving location Date acquired Total Checkouts Full call number Barcode Date last seen Price effective from Koha item type
          National Library of India National Library of India       J/E 294.52114 J 559 DBA000133863ENG 01/06/2021 01/06/2021 Books
                                                                           
web counter

Copyright ©2020 The National Library of India, Govt. of India ↔ Hosted by NVLI, MOC ↔ Technology and Design by National Library of India, Ministry of Culture, Govt. of India